| 000 | 00420pab a2200145 454500 | ||
|---|---|---|---|
| 008 | 180718b2003 xxu||||| |||| 00| 0 eng d | ||
| 100 | _aPieper, Ute | ||
| 245 | _aSectoral regularities of productivity growth in development countries - a Kaldorian interpretation | ||
| 260 | _c2003 | ||
| 300 | _ap.831-50. | ||
| 362 | _aNov | ||
| 650 | _aSectoral planning | ||
| 773 | _aCambridge Journal of Economics | ||
| 909 | _a58941 | ||
| 999 |
_c58941 _d58941 |
||